000 00483nam a2200169Ia 4500
005 20250507125806.0
008 008 250505s9999 xx 000 0 kor d
037 _aAudio
040 _aEASL
_beng
_cEASL
041 _akor
_2eng
084 _aCD00185-190
_qEASL
245 0 _aYongsanghaksup Hangukmunhwasa = Korean literature, education, culture and information
490 _vV. 5
650 _aKorean
942 _cAUD
_hCD00185-190
999 _c1313169
_d1313169